| 000 | 00428nam a2200109Ia 4500 | ||
|---|---|---|---|
| 008 | 160909s9999 xx 000 0 und d | ||
| 100 | _aNa, Eunkyung | ||
| 245 | _aPerceptions of College Instructors Toward Accented English Measured by the Auditory Multifactor Implicit Association Test | ||
| 260 |
_bUniversity of South Florida. _c2016 |
||
| 650 | _aPSYCHOLOGY | ||
| 856 | _uhttp://pqdtopen.proquest.com/doc/1789879094.html?FMT=ABS | ||
| 999 |
_c304099 _d304099 |
||